000 00698nam a2200241Ia 4500
003 OSt
005 20220925182911.0
006 a|||||r|||| 00| 0
007 ta
008 220923b |||||||| |||| 00| 0 eng d
037 _cGeneral Book
040 _aRTL
_cRTL
_beng
041 _2eng
_aeng
082 _aX.73.N5, K1
100 _aColm Gerhard
_9257426
245 0 _aAmriki janta ki artha-vyavastha, (Economy of the A
260 _aDelhi
_bAtma Ram
_c1961
300 _a325p
_ccm.
650 _aUnited States Economics Conditions
700 _a Geiger Theodore
_9239769
942 _hX.73.N5, K1
_cGB
_2CC
999 _c503450
_d503450